000 nam a22 a 4500
999 _c162579
_d162579
003 BLK
005 20201014140631.0
008 180410b bul|||||r ||||||| ||bul||
010 _aKNG00169958000
040 _aBLK
041 _aBUL
_cBUL
072 7 _2bullib
_aЦ
_xРедки и ценни
080 _aСлужещи. Работници
_b323.33
_x-058.234.2
_z323.33-058.234.2
080 _aОтношение към труда. Трудов морал. Трудови стимули
_b331.101.3
_z331.101.3
100 1 _aПелагич, Васа
_eпърви автор
_9379037
139 _aПелагич, Васа
_bП 33
245 1 0 _aПир на бездушника и величието на работника
_cВаса Пелагич.
257 _aSER
260 _bВ. Петров
_c1898
_fРусе : скоропеч. Ст. Ив. Роглев
_aРусе
300 _a72 с.
_c15 см
380 _a3
490 _9435080
_aКолекция Редки и ценни издания
650 4 _aРаботническа класа - капиталистически страни
_9320373
650 4 _aСоциални групи
_9263591
653 _aработническа класа
653 _aбуржоазия
653 _aработодатели
659 _aЦ
852 _aРб 898
_bРц
856 4 _qpdf
856 4 _qpdf
942 _cKNG
_n0
_s1
944 _aCR
_c23.01.2015
_kНаталия_Медовщикова
944 _aED
_c23.01.2015
_kНаталия_Медовщикова
999 _d162579